Doing the business : entrepreneurship, the working class, and detectives in the East End of London
Αποθηκεύτηκε σε:
| Κύριος συγγραφέας: | |
|---|---|
| Μορφή: | Βιβλίο |
| Γλώσσα: | English |
| Δημοσίευση: |
Oxford :
Oxford University Press,
1988
|
| Θέματα: | |
| Ετικέτες: |
Προσθήκη ετικέτας
Δεν υπάρχουν, Καταχωρήστε ετικέτα πρώτοι!
|
MARC
| LEADER | 00000nam a2200000 i 4500 | ||
|---|---|---|---|
| 001 | 1/103206 | ||
| 008 | 000301s1988 eng d | ||
| 020 | |a 0-19-825832-1 | ||
| 035 | |l 10058380 | ||
| 040 | |a GR-MY-UA |b gre |e aacr | ||
| 041 | 0 | |a eng | |
| 082 | 0 | |a 305.509421 | |
| 100 | 1 | |a Hobbs, Dick. | |
| 245 | 1 | 0 | |a Doing the business : |b entrepreneurship, the working class, and detectives in the East End of London / |c Dick Hobbs |
| 260 | |a Oxford : |b Oxford University Press, |c 1988 | ||
| 300 | |a 255 p. | ||
| 504 | |a Includes bibliographical references and index | ||
| 650 | 0 | 0 | |a Social classes |z England |z London. |
| 650 | 0 | 0 | |a Entrepreneurship |z England |z East End (London) |
| 650 | 0 | 0 | |a Working classes |z England |z East End (London) |
| 650 | 0 | 0 | |a Detectives |z England |z London |x Social conditions. |
| 650 | 0 | 0 | |a Crime and criminals |z England |z East End (London) |
| 852 | |a INST |b LESVOS |e 20000301 |h 305.509421 HOB |p 005100020660 |q 005100020660 |t BK |y 0 | ||
| 901 | |a BIBL1-2000-1 | ||
| 909 | |a Λ |b 073216 | ||
| 922 | |a 1ΕΛΗ |b 199912 |c ΚΠΣ/ΤΚ |d GLORY | ||
| 950 | |a 103-1999-12-8 | ||
| 970 | |a ΜΟΥΣΤΑΚΑ |b ΠΗΝΕΛΟΠΗ |z 2000/03/22 | ||